Quizz - Personnages de la série Prison Break - Statistiques

Statistiques générales
  • Ce quiz a été pris 2 701 fois
  • Le résultat moyen est 9 sur 16
Statistiques - réponses
Par images Réponse % Correct
Michael Scofield
95%
Fernando Sucre
92%
Lincoln Burrows
81%
Sara Tancredi
78%
John Abruzzi
75%
Brad Bellick
69%
Theodore Bagwell
69%
Alexander Mahone
63%
L.J Burrows
63%
Paul Kellerman
44%
Veronica Donovan
37%
Charles Patoshik
32%
Gretchen Morgan
32%
Benjamin Miles
29%
Charles Westmoreland
24%
David Apolskis
18%
Aucun quiz correspondant
Distribution des résultats
% des personnes avec chaque résultat
Percentile par nombre de réponses
Votre historique - résultats
Vous n’avez pas pris ce quiz